[Event "Prazsky pohar 2007"]
[Site "Praha"]
[Date "2007.11.27"]
[Round "8"]
[White "Soural, Jan"]
[Black "Siktanc, Petr"]
[Result "1-0"]
[WhiteElo "2227"]
[BlackElo "2162"]
[PlyCount "101"]
[EventDate "2007.09.??"]
[EventType "swiss"]
[EventRounds "9"]
[EventCountry "CZE"]
[SourceDate "2007.10.10"]

1. d4 e6 2. Nd2 d5 3. Ngf3 f5 4. g3 Nf6 5. Bg2 Bd6 6. O-O O-O 7. Ne5 c5 8. Ndf3
cxd4 9. Qxd4 Nc6 10. Nxc6 bxc6 11. Bf4 c5 12. Qd2 Ne4 13. Qc1 Ba6 14. Re1 Rb8
15. Rb1 Rb6 16. Bxd6 Qxd6 17. Nd2 Nf6 18. c3 Rd8 19. Qc2 Rdb8 20. b3 Rd8 21.
Rbd1 Qb8 22. Rc1 Rbd6 23. Bf1 Bb7 24. Bg2 a5 25. Red1 Bc6 26. Rb1 Qa8 27. Rbc1
a4 28. Rb1 Qa6 29. Bf1 Bb5 30. Nf3 Ne4 31. Ne5 Qa5 32. b4 Qc7 33. f3 Nf6 34.
Qd2 cxb4 35. cxb4 d4 36. Rdc1 Qb6 37. Rc5 Nd7 38. Nxd7 R6xd7 39. Rbc1 {(=)} h6
40. a3 Rd5 41. Qc2 Qd6 42. Rxd5 Qxd5 43. Qc5 e5 44. Qc7 e4 45. Rc5 Qd7 46. Qxd7
Bxd7 47. Rd5 Kf7 48. fxe4 Ke6 49. Rxd4 Rc8 50. exf5+ Kf7 51. Rxd7+ 1-0

[Event "Prazsky pohar 2007"]
[Site "Praha"]
[Date "2007.11.27"]
[Round "8"]
[White "Smutny, Jan"]
[Black "Sodoma, Jan"]
[Result "0-1"]
[WhiteElo "2170"]
[BlackElo "2328"]
[PlyCount "54"]
[EventDate "2007.09.??"]
[EventType "swiss"]
[EventRounds "9"]
[EventCountry "CZE"]
[SourceDate "2007.10.10"]

1. e4 e5 2. Nf3 Nc6 3. Nc3 Nf6 4. Bc4 Nxe4 5. Nxe4 d5 6. Bd3 dxe4 7. Bxe4 Bd6
8. d4 exd4 9. Nxd4 Nxd4 10. Qxd4 O-O 11. Bd2 Re8 12. O-O-O Qh4 13. Rhe1 Bf5 14.
f3 Bxe4 15. g3 Qxh2 16. Rxe4 Qxg3 17. Rg4 Qe5 18. Qd3 g6 19. f4 Qe2 20. Qh3
Rad8 21. Rg2 Qe6 22. f5 Qxa2 23. c3 Bf4 24. Rh1 Bxd2+ 25. Kc2 Qa4+ 26. Kb1 Re1+
27. Rxe1 Bxe1 0-1

[Event "Prazsky pohar 2007"]
[Site "Praha"]
[Date "2007.11.27"]
[Round "8"]
[White "Kubecka, David"]
[Black "Pirklova, Hana"]
[Result "1-0"]
[WhiteElo "2271"]
[BlackElo "2181"]
[PlyCount "55"]
[EventDate "2007.09.??"]
[EventType "swiss"]
[EventRounds "9"]
[EventCountry "CZE"]
[SourceDate "2007.10.10"]

1. e4 e6 2. d4 d5 3. Nc3 Bb4 4. e5 c5 5. a3 Bxc3+ 6. bxc3 Qc7 7. Nf3 Nc6 8. Bd3
Bd7 9. O-O Nge7 10. a4 Na5 11. Qd2 cxd4 12. cxd4 h6 13. Qf4 f5 14. h4 Nc4 15.
Ba3 Nxa3 16. Rxa3 Bc6 17. a5 O-O-O 18. Rb1 g5 19. hxg5 Ng6 20. Qd2 hxg5 21. a6
Qh7 22. axb7+ Kb8 23. Kf1 Qh1+ 24. Ng1 Rh2 25. f3 Nf4 26. Rxa7 Rxg2 27. Ra8+
Kc7 28. Qa5+ 1-0

[Event "Prazsky pohar 2007"]
[Site "Praha"]
[Date "2007.11.27"]
[Round "8"]
[White "Erneker, Josef"]
[Black "Haba, Zdenek"]
[Result "1-0"]
[WhiteElo "2217"]
[BlackElo "2201"]
[PlyCount "137"]
[EventDate "2007.09.??"]
[EventType "swiss"]
[EventRounds "9"]
[EventCountry "CZE"]
[SourceDate "2007.10.10"]

1. d4 Nf6 2. c4 g6 3. Nf3 Bg7 4. g3 O-O 5. Bg2 d6 6. O-O c5 7. Nc3 Nc6 8. d5
Na5 9. Qd3 a6 10. Rb1 Rb8 11. b4 cxb4 12. Rxb4 Nd7 13. Be3 Nc5 14. Qd2 e5 15.
Na4 Qc7 16. Nxc5 dxc5 17. d6 Qd7 18. Bxc5 b5 19. cxb5 axb5 20. Rfb1 Ba6 21. Ng5
Nb7 22. Ne4 f5 23. Qd5+ Kh8 24. Bh3 Qf7 25. Qxf7 Rxf7 26. Ng5 Rd7 27. Ne6 Bf6
28. a4 Nxd6 29. Nc7 Bc8 30. Nxb5 Nf7 31. Bg2 e4 32. f3 exf3 33. Bxf3 Ne5 34.
Bg2 Ba6 35. Nd4 Rxb4 36. Rxb4 Nc4 37. Rb8+ Rd8 38. Rxd8+ Bxd8 39. Ne6 Bb6 40.
Bxb6 Nxb6 41. Nc7 Bxe2 42. a5 Nc8 43. Bb7 Na7 44. Kf2 Bd3 45. Ke3 Be4 46. Bxe4
fxe4 47. Kxe4 Kg7 48. Kd5 Kf6 49. Kc5 Ke7 50. Kb6 Nc8+ 51. Kb7 Kd7 52. a6 h6
53. Nd5 Nd6+ 54. Kb8 Nb5 55. Nc3 Nd4 56. Kb7 Nc6 57. Ne4 Nd8+ 58. Kb6 Nc6 59.
Nc5+ Kd6 60. Nb7+ Kd7 61. Na5 Nb4 62. a7 Nd5+ 63. Kb7 Nc7 64. Nc4 g5 65. g4 Na8
66. Kxa8 Kc8 67. Nb6+ Kc7 68. Nd5+ Kc8 69. h3 1-0

[Event "Prazsky pohar 2007"]
[Site "Praha"]
[Date "2007.11.27"]
[Round "8"]
[White "Ptak, Pavel"]
[Black "Srba, Milan"]
[Result "0-1"]
[WhiteElo "2137"]
[BlackElo "2225"]
[PlyCount "40"]
[EventDate "2007.09.??"]
[EventType "swiss"]
[EventRounds "9"]
[EventCountry "CZE"]
[SourceDate "2007.10.10"]

1. e4 e6 2. d3 d5 3. Qe2 dxe4 4. dxe4 e5 5. Nc3 Nf6 6. Bd2 Nc6 7. O-O-O Nd4 8.
Qd3 a6 9. Qg3 Qe7 10. Bg5 Qc5 11. Bxf6 gxf6 12. Nge2 Be6 13. Nxd4 exd4 14. Nd5
O-O-O 15. Be2 f5 16. b4 Qc6 17. Rxd4 fxe4 18. Rc4 Qd6 19. Rxc7+ Kb8 20. Rc5
Qxg3 0-1

[Event "Prazsky pohar 2007"]
[Site "Praha"]
[Date "2007.11.27"]
[Round "8"]
[White "Blumel, Otto"]
[Black "Plasek, Zdenek"]
[Result "1/2-1/2"]
[WhiteElo "2213"]
[BlackElo "2136"]
[PlyCount "89"]
[EventDate "2007.09.??"]
[EventType "swiss"]
[EventRounds "9"]
[EventCountry "CZE"]
[SourceDate "2007.10.10"]

1. e4 c5 2. Nf3 d6 3. g3 Nc6 4. h3 e5 5. c3 g6 6. d3 Bg7 7. Bg2 Nge7 8. O-O O-O
9. Be3 h6 10. Qd2 Kh7 11. b4 b6 12. b5 Na5 13. c4 Be6 14. Nc3 Qd7 15. Kh2 Nb7
16. Qe2 Rab8 17. Rac1 Nd8 18. Nd2 f5 19. f4 Nf7 20. Nf3 Rbe8 21. Nh4 exf4 22.
gxf4 Bf6 23. Nf3 Qc7 24. Bd2 Bc8 25. Qf2 Bb7 26. Rce1 Qd7 27. Re2 Nd8 28. Rfe1
Ne6 29. e5 dxe5 30. Nxe5 Bxe5 31. Rxe5 Ng7 32. Bxb7 Qxb7 33. Qh4 Ng8 34. Nd5
Rxe5 35. Rxe5 Qd7 36. Bc3 Qd8 37. Qe1 Rf7 38. Qe3 Nf6 39. Nxf6+ Qxf6 40. d4
cxd4 41. Bxd4 Qh4 42. c5 bxc5 43. Rxc5 g5 44. Bxg7 Kxg7 45. Qg3 1/2-1/2

[Event "Prazsky pohar 2007"]
[Site "Praha"]
[Date "2007.12.04"]
[Round "9"]
[White "Sodoma, Jan"]
[Black "Smid, Miroslav"]
[Result "1-0"]
[WhiteElo "2328"]
[BlackElo "2215"]
[PlyCount "93"]
[EventDate "2007.09.??"]
[EventType "swiss"]
[EventRounds "9"]
[EventCountry "CZE"]
[SourceDate "2007.10.10"]

1. c4 e5 2. Nc3 Nf6 3. Nf3 Nc6 4. e4 Bb4 5. d3 O-O 6. g3 a6 7. Bd2 Re8 8. Bg2
d6 9. h3 Ne7 10. O-O c6 11. Qc2 Ng6 12. d4 Qe7 13. Rfe1 h6 14. Rad1 Be6 15. a3
Ba5 16. b4 Bb6 17. c5 Bc7 18. cxd6 Bxd6 19. dxe5 Nxe5 20. Nxe5 Bxe5 21. f4 Bd4+
22. Be3 Bxe3+ 23. Rxe3 a5 24. e5 Nd5 25. Nxd5 Bxd5 26. Bxd5 cxd5 27. Qb3 axb4
28. axb4 Qe6 29. Kg2 Red8 30. Red3 Qb6 31. f5 d4 32. Re1 Qc6+ 33. Kh2 Rd5 34.
Qd1 Qb6 35. e6 Qd6 36. Qf3 Re5 37. exf7+ Kf8 38. Red1 Ra2+ 39. R3d2 Rxd2+ 40.
Rxd2 Kxf7 41. Qxb7+ Re7 42. Qb5 Re5 43. Qc4+ Kf6 44. Rxd4 Qe7 45. Qc6+ Kxf5 46.
Rf4+ Kg5 47. Rg4+ 1-0

[Event "Prazsky pohar 2007"]
[Site "Praha"]
[Date "2007.12.04"]
[Round "9"]
[White "Erneker, Josef"]
[Black "Kubecka, David"]
[Result "0-1"]
[WhiteElo "2217"]
[BlackElo "2271"]
[PlyCount "50"]
[EventDate "2007.09.??"]
[EventType "swiss"]
[EventRounds "9"]
[EventCountry "CZE"]
[SourceDate "2007.10.10"]

1. c4 Nf6 2. Nc3 g6 3. g3 Bg7 4. Bg2 O-O 5. e3 d6 6. Nge2 e5 7. O-O c6 8. d4 a5
9. b3 Na6 10. Bb2 Qe7 11. Qd2 e4 12. Na4 Bg4 13. d5 c5 14. h3 Bf3 15. Bxf3 exf3
16. Nf4 g5 17. Nd3 Ne4 18. Qd1 Bxb2 19. Naxb2 f5 20. Ne1 g4 21. Nbd3 Rf6 22.
Nf4 Rh6 23. Kh2 Qf6 24. Ned3 Nb4 25. Nxb4 Rxh3+ 0-1

[Event "Prazsky pohar 2007"]
[Site "Praha"]
[Date "2007.12.04"]
[Round "9"]
[White "Seleljo, Daniel"]
[Black "Smutny, Jan"]
[Result "1-0"]
[WhiteElo "2259"]
[BlackElo "2170"]
[PlyCount "97"]
[EventDate "2007.09.??"]
[EventType "swiss"]
[EventRounds "9"]
[EventCountry "CZE"]
[SourceDate "2007.10.10"]

1. Nf3 Nf6 2. d4 e6 3. c4 d5 4. Nc3 Be7 5. Bg5 O-O 6. e3 c6 7. Qc2 Nbd7 8. a3
Re8 9. Rd1 Bd6 10. Be2 Qe7 11. e4 dxe4 12. Nxe4 Bc7 13. O-O h6 14. Bh4 b6 15.
c5 Bb7 16. Bc4 Qf8 17. Nxf6+ Nxf6 18. Bxf6 gxf6 19. b4 Rad8 20. Qe4 Qg7 21.
Rfe1 Kh8 22. Bf1 Rd5 23. g3 Red8 24. Rc1 bxc5 25. bxc5 f5 26. Qh4 Bc8 27. Bc4
R5d7 28. Kh1 Rf8 29. Rg1 Bd8 30. Qh5 Qh7 31. g4 Bf6 32. gxf5 exf5 33. Rcd1 Re7
34. Ne5 Bxe5 35. dxe5 Be6 36. Bxe6 Rxe6 37. Rd6 f4 38. Rxe6 fxe6 39. Rg6 Rf5
40. Qxh6 f3 41. h3 Qxh6 42. Rxh6+ Kg7 43. Rxe6 Kf7 44. Rf6+ Rxf6 45. exf6 Kxf6
46. Kh2 Ke5 47. Kg3 Kd5 48. h4 Ke4 49. Kg4 1-0

[Event "Prazsky pohar 2007"]
[Site "Praha"]
[Date "2007.12.04"]
[Round "9"]
[White "Plasek, Zdenek"]
[Black "Soural, Jan"]
[Result "0-1"]
[WhiteElo "2136"]
[BlackElo "2227"]
[PlyCount "112"]
[EventDate "2007.09.??"]
[EventType "swiss"]
[EventRounds "9"]
[EventCountry "CZE"]
[SourceDate "2007.10.10"]

1. e4 c5 2. Nf3 d6 3. d4 cxd4 4. Nxd4 Nf6 5. Nc3 a6 6. a4 e5 7. Nb3 Be7 8. Be2
O-O 9. Be3 Qc7 10. O-O Be6 11. Kh1 Nbd7 12. f3 Rfc8 13. Rc1 Nb6 14. a5 Nc4 15.
Bxc4 Bxc4 16. Bb6 Qc6 17. Rf2 d5 18. exd5 Nxd5 19. Nxd5 Bxd5 20. Nd2 Bc5 21.
Bxc5 Qxc5 22. Qe1 Qxa5 23. Qxe5 Re8 24. Qd4 Rad8 25. b4 Qa3 26. Ra1 Ba2 27. Re2
Qa4 28. Rxe8+ Qxe8 29. Qf2 Be6 30. Ne4 Qb5 31. Qe1 Bf5 32. c3 Bxe4 33. Qxe4 Qd3
34. Qxd3 Rxd3 35. Rc1 Kf8 36. Kg1 Rd2 37. Re1 Rd3 38. Rc1 Ke7 39. Kf2 Rd2+ 40.
Kg3 Kd6 41. h4 h5 42. Re1 Rd3 43. c4 Rd4 44. Rc1 Kc6 45. Rc3 Rd2 46. Re3 Rb2
47. b5+ axb5 48. cxb5+ Rxb5 49. Kf4 Rb4+ 50. Kg5 Rb5+ 51. Kf4 Kd7 52. Re4 Rd5
53. g4 b5 54. gxh5 Rxh5 55. Kg4 Rc5 56. f4 f5+ 0-1

[Event "Prazsky pohar 2007"]
[Site "Praha"]
[Date "2007.12.04"]
[Round "9"]
[White "Srba, Milan"]
[Black "Pirklova, Hana"]
[Result "1-0"]
[WhiteElo "2225"]
[BlackElo "2181"]
[PlyCount "107"]
[EventDate "2007.09.??"]
[EventType "swiss"]
[EventRounds "9"]
[EventCountry "CZE"]
[SourceDate "2007.10.10"]

1. e4 e6 2. d4 d5 3. Nd2 Nf6 4. e5 Nfd7 5. c3 c5 6. f4 Nc6 7. Ndf3 Qb6 8. h4
cxd4 9. cxd4 Bb4+ 10. Kf2 f6 11. Be3 O-O 12. a3 Be7 13. b4 fxe5 14. dxe5 d4 15.
Nxd4 Ncxe5 16. Kg3 Ng6 17. Nf5 Qd8 18. h5 Rxf5 19. hxg6 h6 20. Nf3 Rd5 21. Qb3
Nb6 22. Bxb6 Qxb6 23. Bc4 Rf5 24. Rad1 Rf6 25. Ne5 Bd6 26. Rxd6 Qxd6 27. Rd1
Qe7 28. Rd4 a6 29. Qd3 Rf8 30. Kh3 b5 31. Bb3 Qf6 32. g4 Ra7 33. Kg3 Rc7 34.
Qd2 h5 35. Bd1 h4+ 36. Kh3 Rc4 37. Nxc4 bxc4 38. Rxc4 Qxg6 39. Bc2 Qf6 40. Qd3
Rd8 41. Qh7+ Kf7 42. g5 Qb2 43. Rc7+ Bd7 44. g6+ Ke7 45. Qxh4+ Ke8 46. Qg3 Qc1
47. Qf3 Ke7 {(=)} 48. Kg2 Qd2+ 49. Qf2 Qd5+ 50. Kg3 Qd6 51. Qc5 Qxc5 52. bxc5
Kf6 53. Kf3 Bb5 54. Rf7# 1-0

[Event "Prazsky pohar 2007"]
[Site "Praha"]
[Date "2007.12.04"]
[Round "9"]
[White "Haba, Zdenek"]
[Black "Blumel, Otto"]
[Result "1/2-1/2"]
[WhiteElo "2201"]
[BlackElo "2213"]
[PlyCount "23"]
[EventDate "2007.09.??"]
[EventType "swiss"]
[EventRounds "9"]
[EventCountry "CZE"]
[SourceDate "2007.10.10"]

1. e4 e5 2. Nf3 Nc6 3. Bb5 a6 4. Ba4 Nf6 5. O-O Be7 6. Re1 b5 7. Bb3 O-O 8. c3
d5 9. exd5 Nxd5 10. Nxe5 Nxe5 11. Rxe5 Nf6 12. d4 1/2-1/2